| 000 | 00594cam a22002171 4500 | ||
|---|---|---|---|
| 001 | sa 68013068 | ||
| 003 | DLC | ||
| 005 | 20260227112619.0 | ||
| 008 | 890328s1963 io 000 0 ind | ||
| 010 | _asa 68013068 | ||
| 035 | _a(OCoLC)23560074 | ||
| 040 |
_aDLC _cMiU _dDLC |
||
| 042 | _apremarc | ||
| 050 | 0 | 0 |
_aPL5089.Z25 _bS5 |
| 100 | 1 | _aZain, Amak F. | |
| 245 | 1 | 0 |
_aSjaʼir riwajat nabi Muhammad s. ʼa. w., _cdisusun oleh Amak F. Zain. |
| 250 | _aTjet. 1. | ||
| 260 |
_aBandung, _bAlmaʼarif _c[1963?] |
||
| 300 |
_a48 p. _c13 cm. |
||
| 600 | 0 | 0 |
_aMuḥammad, _cProphet, _d-632 _vPoetry. |
| 999 |
_c84926 _d84926 |
||